Enunciados de problemas de física y química propuestos para su resolución a los alumnos del Instituto de San Isidro (Record no. 164751)
[ view plain ]
| 000 -LEADER | |
|---|---|
| campo de control de longitud fija | 00788nam a2200181 i 4500 |
| 001 - NÚMERO DE CONTROL | |
| campo de control | 164751 |
| 003 - IDENTIFICADOR DE NÚMERO DE CONTROL | |
| campo de control | ES-MaACL |
| 005 - FECHA Y HORA DE LA ÚLTIMA TRANSACCIÓN | |
| campo de control | 20230906213009.0 |
| 008 - DATOS DE LONGITUD FIJA--INFORMACIÓN GENERAL | |
| campo de control de longitud fija | 050804s1869 sp | |||||||| ||spa d |
| 040 ## - FUENTE DE CATALOGACIÓN | |
| Centro catalogador/agencia de origen | CAM |
| Lengua de catalogación | spa |
| Centro/agencia transcriptor | CAM |
| 100 1# - ENTRADA PRINCIPAL--NOMBRE DE PERSONA | |
| Nombre de persona | Santisteban, Mariano. |
| 9 (RLIN) | 103433 |
| 245 10 - MENCIÓN DEL TÍTULO | |
| Título | Enunciados de problemas de física y química propuestos para su resolución a los alumnos del Instituto de San Isidro |
| Resto del título | : en el curso de 1868 a 1869 / |
| Mención de responsabilidad, etc. | por el catedrático Mariano Santisteban. |
| 260 ## - PUBLICACIÓN, DISTRIBUCIÓN, ETC. | |
| Lugar de publicación, distribución, etc. | Madrid : |
| Nombre del editor, distribuidor, etc. | [s.n.], |
| Fecha de publicación, distribución, etc. | 1869 ( |
| Lugar de fabricación/manufactura | Imprenta de la Viuda de Aguado é Hijo) |
| 300 ## - DESCRIPCIÓN FÍSICA | |
| Extensión | 54, [2] p. ; |
| Dimensiones | 18 cm. |
| 650 04 - PUNTO DE ACCESO ADICIONAL DE MATERIA--TÉRMINO DE MATERIA | |
| Término de materia o nombre geográfico como elemento de entrada | Física- |
| Subdivisión de forma | Problemas. |
| 9 (RLIN) | 12885 |
| 650 #4 - PUNTO DE ACCESO ADICIONAL DE MATERIA--TÉRMINO DE MATERIA | |
| Término de materia o nombre geográfico como elemento de entrada | Química- |
| Subdivisión de forma | Problemas. |
| 9 (RLIN) | 140566 |
| 852 ## - LOCALIZACIÓN | |
| Ubicación | ES-MaACL |
| Número de control de estantería | T-715-F-2 |
| Nota libre | -- Enc. hol., falto de la cub. original |
| -- | -- Enc. en un vol. facticio |
| Estatus retirado | Estado de pérdida | Estado de daño | No para préstamo | Colección | Biblioteca de origen | Biblioteca actual | Ubicación en estantería | Fecha de adquisición | Total de préstamos | Signatura topográfica completa | Código de barras | Visto por última vez | Precio de reemplazo | Tipo de ítem Koha |
|---|---|---|---|---|---|---|---|---|---|---|---|---|---|---|
| Colección de folletos | Biblioteca del Ateneo de Madrid | Biblioteca del Ateneo de Madrid | Depósito folletos | 17/01/2008 | T-715-F-2 | 1172704 | 23/02/2023 | 23/02/2023 | Folleto |
